000 00855nam a22002657a 4500
005 20260324112556.0
008 260324b ag ||||| |||| 00| 0 spa d
020 _a9789500837682(argentina)
020 _a9786079534868(México)
050 0 4 _aBD438
_bG74 2010
100 1 _aGreene, Robert
240 1 4 _aThe 48 laws of power.
_lEspañol.
245 1 4 _aLas 48 leyes del poder
_c / Robert Greene, Joost Elffers ; traducción Dorotea Plácking.
246 1 3 _aLas cuarenta y ocho leyes del poder
250 _a21a ed.
260 _aBuenos Aires, Argentina :
_bAtlántida,
_c2010
300 _a526 p. ;
_c23 cm.
500 _a
504 _aBibliografía : p. 525-526
650 4 _aPoder (Filosofía)
650 4 _aControl (Psicología)
700 1 _aElffers, Joost
_eautor.
700 1 _aPlácking, Dorotea
_dtraductor.
942 _2lcc
_cLIB
999 _c52319
_d52319